Low level attack of armored targets /

Bibliographic Details
Main Author: Crawford, Natalie
Corporate Author: Rand Corporation
Format: Book
Language:English
Published: Santa Monica, CA : Rand Corporation, [1977]
Subjects:

MARC

Tag First Indicator Second Indicator Subfields
LEADER 00000cam a2200000 i 4500
001 in00001102913
005 20150930061616.0
008 780427s1977 caua 000 0 eng d
035 |a (OCoLC)03831296 
035 |9 AFV1125AM 
040 |a EEX  |c EEX  |d OCL  |d TXA  |d UtOrBLW 
049 |a TXAM 
090 |a AS36  |b .R28 P-5982 
100 1 |a Crawford, Natalie. 
245 1 0 |a Low level attack of armored targets /  |c Natalie W. Crawford. 
264 1 |a Santa Monica, CA :  |b Rand Corporation,  |c [1977] 
300 |a iv, 21 pages :  |b illustrations ;  |c 28 cm. 
336 |a text  |b txt  |2 rdacontent 
337 |a unmediated  |b n  |2 rdamedia 
338 |a volume  |b nc  |2 rdacarrier 
500 |a "August 1977." 
500 |a "P-5982." 
500 |a "This paper was presented at the 1977 Air University Airpower Symposium, 'The impact of Technology on Air Warfare.' Air War College, Maxwell Air Force Base, Alabama, on 30 March 1977." 
650 0 |a Air warfare. 
710 2 |a Rand Corporation. 
999 |a MARS 
999 f f |s 059f97f2-cf54-3fd6-8c75-c45c523fefa5  |i 933e4d85-c5fe-31a2-8e55-569d8c299417  |t 0 
952 f f |p ric  |a Texas A&M University  |b Rellis Campus  |c Joint Library Facility  |d Remote Storage  |t 0  |e AS36 .R28 P-5982  |h Library of Congress classification  |i unmediated -- volume  |m A14815136067 
998 f f |a AS36 .R28 P-5982  |t 0  |l Remote Storage